000 00507nam a2200181Ia 4500
005 20250521134151.0
008 240821s9999 xx 000 0 und d
020 _qhbk
041 _aeng
082 _a363.25 DIN
100 _aDinkar, V.R.
245 0 _aJustice In Genes: evidential facets of forensic dna fingerprinting
_c/ V.R. Dinkar
250 _a1st ed.
260 _bAsia Law House, Hydrabad, 2008.
300 _a335 p; 21cm.
650 _aOther social problems & services
942 _cENGLISH
999 _c521793
_d521793